The World of Drafting / (Record no. 193504)
[ view plain ]
| 000 -LEADER | |
|---|---|
| fixed length control field | 00791 a2200157 4500 |
| 003 - CONTROL NUMBER IDENTIFIER | |
| control field | Nust |
| 005 - DATE AND TIME OF LATEST TRANSACTION | |
| control field | 20221014105539.0 |
| 040 ## - CATALOGING SOURCE | |
| Transcribing agency | Nust |
| 082 ## - DEWEY DECIMAL CLASSIFICATION NUMBER | |
| Classification number | 604.2,ROS |
| 100 ## - MAIN ENTRY--PERSONAL NAME | |
| Personal name | Ross, Stan |
| 9 (RLIN) | 100288 |
| 245 ## - TITLE STATEMENT | |
| Title | The World of Drafting / |
| Remainder of title | Stan Ross |
| 260 ## - PUBLICATION, DISTRIBUTION, ETC. | |
| Place of publication, distribution, etc. | USA |
| Name of publisher, distributor, etc. | MCknight |
| Date of publication, distribution, etc. | 1971 |
| 300 ## - PHYSICAL DESCRIPTION | |
| Extent | 372p; |
| 505 ## - FORMATTED CONTENTS NOTE | |
| Formatted contents note | Drafting Is (Page-1), Drawing Freehand (Page-25), Drafting Conventional Practices (Page-109), Drafting Tools, Books, Supplies and Equipment (Page-138), Drawing Mechanically (Page-150), Drawing Orthographic Projections (Page-185), Drawing Pictorially (Page-230), Drawing Developments (Page-242),Drawing with Grids (Page-254),Drawing with Building (Page-268), Drawing Systems (Page-282),Reproduction and Care Drawings (Page-306), Drafting Design (Page-312). |
| 942 ## - ADDED ENTRY ELEMENTS (KOHA) | |
| Source of classification or shelving scheme | |
| Koha item type | Book |
| Withdrawn status | Lost status | Source of classification or shelving scheme | Damaged status | Not for loan | Permanent Location | Current Location | Shelving location | Date acquired | Full call number | Barcode | Date last seen | Price effective from | Koha item type | Public note |
|---|---|---|---|---|---|---|---|---|---|---|---|---|---|---|
| Military College of Signals (MCS) | Military College of Signals (MCS) | General Stacks | 12/12/2016 | 604.2,ROS | MCS5961 | 12/08/2016 | 12/12/2016 | Book | Almirah No.26, Shelf No.2 |
